Handbuch für Kaufleute

Salvato in:
Dettagli Bibliografici
Altri autori: Irgel, Lutz
Natura: Libro
Lingua:tedesco
Pubblicazione: Wiesbaden Gabler 1989
Edizione:2. überarb. Aufl.
Soggetti:
Tags: Aggiungi Tag
Nessun Tag, puoi essere il primo ad aggiungerne!!

MARC

LEADER 00000nam a2200000 4500
001 c000228
005 20221215125336.1
020 |a 3-409-99113-1 
041 0 |a ger 
044 |a DE 
245 1 0 |a Handbuch für Kaufleute  |c Edit. Lutz Irgel 
250 |a 2. überarb. Aufl. 
264 1 |a Wiesbaden  |b Gabler  |c 1989 
300 |a 580 s. 
610 2 0 |a podnikanie 
610 2 0 |a podnik 
610 2 0 |a organizácia podniku 
610 2 0 |a štruktúra podniku organizačná 
700 1 |a Irgel, Lutz